Città della Serie A - Quiz con Mappa - Statistics

Statistiche generali
  • Questo quiz è stato fatto 135 volte
  • Il punteggio medio è 50 su 62
Risposte nella Mappa
Le risposte nella mappa del quiz sottostante sono codificate secondo una scala di colori dal rosso al verde in base alla % di persone che hanno risposto correttamente.
 
Statistiche sulle risposte
Città % Corretto
Cagliari
97%
Napoli
97%
Roma
97%
Torino
97%
Genova
96%
Milano
96%
Palermo
96%
Venezia
96%
Bari
95%
Udine
95%
Firenze
94%
Lecce
94%
Bologna
92%
Verona
92%
Catania
91%
Bergamo
90%
Pisa
90%
Salerno
89%
Trieste
89%
Messina
87%
Monza
87%
Parma
87%
Perugia
87%
Reggio Calabria
87%
Brescia
86%
Catanzaro
86%
Frosinone
86%
Como
84%
Pescara
84%
Ancona
83%
Foggia
83%
La Spezia
83%
Reggio Emilia
83%
Avellino
82%
Benevento
82%
Crotone
82%
Livorno
82%
Modena
82%
Padova
82%
Alessandria
81%
Vicenza
80%
Novara
77%
Cesena
76%
Mantova
76%
Siena
76%
Terni
76%
Vercelli
76%
Empoli
75%
Lucca
74%
Cremona
73%
Ferrara
72%
Lecco
71%
Piacenza
71%
Sassuolo
68%
Varese
68%
Ascoli Piceno
67%
Treviso
64%
Pistoia
59%
Carpi
56%
Casale Monferrato
40%
Legnano
34%
Busto Arsizio
27%
Nessun quiz corrispondente trovato
Distribuzione punteggi
Percentuale di utenti per punteggio
Percentile per numero di risposta
I tuoi punteggi nel tempo
Non hai fatto questo quiz